Word Ladder: May 31st, 1862 Quiz Stats

 Plays Quiz Updated May 29, 2016

Challenge
Share
Tweet
Embed
Score 0/14 Timer 02:00
1 Play Today
Hint % Correct
Four LettersFART
96.8%
Four LettersMARS
96.5%
Five LettersFEVER
96.4%
Four LettersMART
96.1%
Four LettersOARS
93.8%
Five LettersSEVER
93.1%
Five LettersFIVER
92.8%
Hint % Correct
Five Letters• SEVEN •
89.6%
Five LettersFINES
87.6%
Five LettersFINER
87.6%
Five Letters• PINES •
87.2%
Four Letters• OAKS •
86.5%
Four Letters• FAIR •
85.6%
Four LettersFAIT
84.8%

Today's Daily Dose

You're not logged in!

Compare scores with friends on all Sporcle quizzes.
OR
Log In

You Might Also Like...

Show Comments

Extras

Top Quizzes Today


Score Distribution

Your Account Isn't Verified!

In order to create a playlist on Sporcle, you need to verify the email address you used during registration. Go to your Sporcle Settings to finish the process.

Report this User

Report this user for behavior that violates our Community Guidelines.

Details: